Statistics for Like I Can - Sam Smith (All Lyrics)

Click here to take the quiz!

General Stats

  • This quiz has been taken 123 times
  • The average score is 247 of 296

Answer Stats

Like I Can% Correct
can
100%
I
100%
like
99%
you
99%
a
98%
Verse 3A
98%
be
98%
love
97%
the
97%
Verse 1He
95%
never
94%
But
93%
but
93%
is
92%
are
90%
When
89%
when
89%
ChorusWhy
89%
could
88%
who
88%
your
88%
looking
87%
on
87%
soul
85%
wrong
84%
down
83%
hands
83%
all
82%
hold
82%
heart
81%
He'll
80%
he'll
80%
mine
80%
out
80%
stand
80%
an
79%
may
79%
one
79%
They'll
79%
they'll
79%
sinner
78%
There
78%
lovers
77%
their
77%
or
76%
of
73%
night
72%
BridgeWe
72%
we
72%
gentleman
71%
roads?
71%
lawyer
70%
preacher
69%
and
66%
have
63%
don't
62%
in
62%
that
59%
humour
58%
understand
56%
trophy
55%
can't
54%
then
54%
Then
54%
second
53%
witness
53%
Cause
52%
man
51%
again
50%
damned
50%
demons
49%
stranger
49%
this
49%
both
47%
glance
47%
gave
46%
salt
46%
encounter
45%
If
45%
you're
45%
chance
44%
mind
44%
silence
43%
circumstance
39%
mayhem
39%
he's
38%
mantra
38%
please
38%
honest
35%
entranced
34%
devils
33%
seeking
33%
Lord
31%
stop
31%
Baby
30%
keeps
28%
deceiving
27%
self
21%

Score Distribution

Percentile by Number Answered

Percent of People with Each Score

Your Score History

You have not taken this quiz